000 00383cam a22001217a 4500
008 180718b1962 xxu||||| |||| 00| 0 eng d
082 _aI9 In2
100 _aFriedamann, W.
245 _aAdministrative law in changing world
_cby W. Friedamann
260 _aNew Delhi
_bIndian Institute of Public Administration
_c1962
300 _a11p
650 _aDimensions-Administrative improvement
999 _c499709
_d499709